000 00466nam a2200193Ia 4500
005 20240823034034.0
008 240823s9999||||xx |||||||||||||| ||und||
020 _a978-81-264-2587-7
041 _aMALAYALAM
082 _A248.4 Q2
100 _aMetropolitan Mar Chrisostom
245 0 _aChrisostom Paranja Narmakathakal
250 _a1st
260 _c2012
_b"D C Books,Kot"
500 _aYES
650 _aHumour
_bGeneral
942 _cBK
999 _c197268
_d197268